|
|
|
|
| LEADER |
01041nam a2200253 a 4500 |
| 001 |
11767906 |
| 008 |
091018s2000 ii k b 001 0 eng d |
| 010 |
|
|
|a 99041686
|
| 020 |
|
|
|a 0761993622 (US-Hb)
|
| 020 |
|
|
|a 8170368537 (India-Hb)
|
| 020 |
|
|
|a 9780761993629
|
| 020 |
|
|
|a 9788170368533
|
| 040 |
|
|
|a DLC
|c DLC
|d DLC
|
| 082 |
0 |
0 |
|a 341.4/86
|2 21
|
| 245 |
0 |
0 |
|a International refugee law :
|b a reader /
|c edited by B.S. Chimni.
|
| 260 |
|
|
|a New Delhi ;
|a Thousand Oaks, Calif. :
|b Sage Publications,
|c 2000.[printing 2007]
|
| 300 |
|
|
|a xxix, 613 p. :
|b form ;
|c 25 cm.
|
| 504 |
|
|
|a Includes bibliographical references (p. [586]-597) and index.
|
| 541 |
1 |
|
|e 00016908
|
| 650 |
|
0 |
|a Refugees
|x Legal status, laws, etc.
|
| 700 |
1 |
|
|a Chimni, B. S.,
|d 1952-
|
| 852 |
4 |
|
|a Ayesha Abed Library
|j General Shelf.
|
| 999 |
|
|
|c 4665
|d 4665
|
| 952 |
|
|
|0 0
|1 0
|2 ddc
|4 0
|6 341_486000000000000_INT_2000
|7 0
|9 4453
|a BRACUL
|b BRACUL
|c GEN
|d 2009-10-18
|g 0.00
|l 11
|m 65
|o 341.486 INT
|p 3010016908
|r 2025-05-19
|s 2025-02-17
|t 1
|w 2009-10-18
|y BK
|x No price found in the accession register.
|